Colorful Characters Quiz Stats

 Plays Quiz Updated Nov 2, 2018

Also try: Colorful People
Challenge
Share
Tweet
Embed
Score 0/20 Timer 07:00
2 Plays Today
Hint Answer % Correct
Disney princess and friend to dwarfsSnow White
96.5%
The object of the Big Bad Wolf's appetiteLittle Red Riding Hood
76.1%
Harry Potter's godfatherSirius Black
69.2%
Christmas saving caribou with sinus issuesRudolph the Red Nosed Reindeer
64%
Curious George's caretaker and friendThe Man in the Yellow Hat
57.3%
Anna Sewell's equine narratorBlack Beauty
54.6%
Jim Croce's baddest man in the whole damn townBad, Bad Leroy Brown
50%
Nursery rhyme lad who is fast asleep under a haystackLittle Boy Blue
44.8%
Eric's dad on 'That 70s show'Red Forman
43.4%
Candice Bergen's fictional newsanchorMurphy Brown
36.4%
Hint Answer % Correct
Hal Jordan's ring wielding heroic alter-egoGreen Lantern
36%
Henry Mancini themed cartoon catPink Panther
31.9%
Donald J. Sobol's fictional boy detectiveEncyclopedia Brown
27.7%
Primary antagonist of Robert Louis Stevenson's 'Treasure Island'Long John Silver
25.4%
Betty White's character on 'The Golden Girls'Rose Nylund
24.3%
Willy Wonka Golden Ticket winnerViolet Beauregarde
22.1%
Music hating invaders of pepperland in the movie Yellow SubmarineBlue Meanies
17.3%
Editor-in-Chief of the Daily Planet in the Superman comicsPerry White
17.1%
Hank Azaria's character in 'Mystery Men'Blue Raja
7%
Baroness Emmuska Orczy's classic novel and playThe Scarlet Pimpernel
5.6%

You're not logged in!

Compare scores with friends on all Sporcle quizzes.
OR
Log In

You Might Also Like...

Show Comments

Extras

Top Quizzes Today


Score Distribution

Your Account Isn't Verified!

In order to create a playlist on Sporcle, you need to verify the email address you used during registration. Go to your Sporcle Settings to finish the process.

Report this User

Report this user for behavior that violates our Community Guidelines.

Details: